| 000 | 00513cam a2200181ua 4500 | ||
|---|---|---|---|
| 020 | _c44.75 | ||
| 041 |
_aeng _h |
||
| 082 |
_a595.7 _bFER/AD |
||
| 100 | _aFernald, H T . | ||
| 245 |
_aApplied entomology : an introductory text book of insects in their relations to man / _cH T Fernald. _hTextual Documents |
||
| 260 |
_aNew York : _bMcGraw Hill Book Company , _c1955. |
||
| 300 | _a385 ; . | ||
| 365 | _a44.75 | ||
| 504 | _a | ||
| 700 | 1 | _aShepend , Harold H . | |
| 942 | _cBK | ||
| 999 |
_c7407 _d7407 |
||